000 00393 a2200157 4500
001 190525
020 _a978-0-230-42224-7
040 _cMagnum
100 _aBladon, Rachel
240 1 0 _aThe story of the olympics: an unofficial history
_lING
245 1 0 _aThe story of the olympics: an unofficial history
300 _a77
362 0 _a2012
697 _aLITERATURA INGLESA
942 _cBK
999 _c190525
_d190525